Statistics for Asian Geography By Letter - R

Click here to take the quiz!

General Stats

  • This quiz has been taken 4,062 times
    (1,015 since last reset)
  • The average score is 13 of 20

Answer Stats

HintAnswer% Correct
Islamic month of fastingRamadan
97%
Nickname of JapanLand of the
{Rising} {Sun}
95%
Sea between Africa and ArabiaRed Sea
95%
Staple crop of East AsiaRice
95%
Capital of Saudi ArabiaRiyadh
95%
Currency used in VladivostokRuble
90%
Currency of Sri LankaRupee
85%
Official name of TaiwanRepublic of China
78%
Official language of Kazakhstan
and Kyrgyzstan
Russian
77%
Nomadic group in Europe that
originated in India
Romani
73%
Former English-language spelling
of Myanmar's largest city
Rangoon
70%
Currency of Iran, Oman or YemenRial
54%
Current de-facto capital of PalestineRamallah
53%
Largest Indian state by areaRajasthan
45%
Jewish New YearRosh Hashanah
44%
City in Gaza Strip
with a border crossing to Egypt
Rafah
40%
Islamabad's twin city and
Pakistan's capital until 1967
Rawalpindi
37%
Oppressed Muslim group of MyanmarRohingyas
32%
Syrian city the ISIL made its
de-facto capital in 2014
Raqqa
16%
Largest city in Chhattisgarh, IndiaRaipur
13%

Score Distribution

Percentile by Number Answered

Percent of People with Each Score

Your Score History

You have not taken this quiz since the last reset